Nurse as educator : (Record no. 461)
[ view plain ]
| 000 -LEADER | |
|---|---|
| fixed length control field | 01013nam a2200313 a 4500 |
| 001 - CONTROL NUMBER | |
| control field | lbc00005326 |
| 003 - CONTROL NUMBER IDENTIFIER | |
| control field | jhcsc |
| 005 - DATE AND TIME OF LATEST TRANSACTION | |
| control field | 20210729072848.0 |
| 008 - FIXED-LENGTH DATA ELEMENTS--GENERAL INFORMATION | |
| fixed length control field | 970207s2003 maua b 001 0 eng |
| 020 ## - INTERNATIONAL STANDARD BOOK NUMBER | |
| International Standard Book Number | 0763714410 |
| 040 ## - CATALOGING SOURCE | |
| Transcribing agency | 0 |
| 082 00 - DEWEY DECIMAL CLASSIFICATION NUMBER | |
| Classification number | Txt 613 N86 2003 |
| 245 00 - TITLE STATEMENT | |
| Title | Nurse as educator : |
| Remainder of title | principles of teaching and learning / |
| Statement of responsibility, etc. | [edited by] Susan B. Bastable. |
| 260 ## - PUBLICATION, DISTRIBUTION, ETC. | |
| Place of publication, distribution, etc. | Sudbury, Mass. : |
| Name of publisher, distributor, etc. | Jones and Bartlett Publishers, |
| Date of publication, distribution, etc. | c2001. |
| 300 ## - PHYSICAL DESCRIPTION | |
| Extent | xvi, 571 p. : |
| Other physical details | ill. ; |
| Dimensions | 24 cm. |
| 504 ## - BIBLIOGRAPHY, ETC. NOTE | |
| Bibliography, etc. note | Includes bibliographical references and index |
| 650 12 - SUBJECT ADDED ENTRY--TOPICAL TERM | |
| Topical term or geographic name entry element | Education, Nursing |
| General subdivision | methods. |
| 650 22 - SUBJECT ADDED ENTRY--TOPICAL TERM | |
| Topical term or geographic name entry element | Learning |
| General subdivision | Nurses' instruction. |
| 650 22 - SUBJECT ADDED ENTRY--TOPICAL TERM | |
| Topical term or geographic name entry element | Teaching |
| General subdivision | Nurses' instruction. |
| 650 #0 - SUBJECT ADDED ENTRY--TOPICAL TERM | |
| Topical term or geographic name entry element | Health education. |
| 650 #0 - SUBJECT ADDED ENTRY--TOPICAL TERM | |
| Topical term or geographic name entry element | Learning. |
| 650 #0 - SUBJECT ADDED ENTRY--TOPICAL TERM | |
| Topical term or geographic name entry element | Teaching. |
| 650 ## - SUBJECT ADDED ENTRY--TOPICAL TERM | |
| Topical term or geographic name entry element | Patient Education |
| General subdivision | Methods. |
| 700 1# - ADDED ENTRY--PERSONAL NAME | |
| Personal name | Bastable, Susan Bacorn, |
| Relator term | ed. |
| 942 ## - ADDED ENTRY ELEMENTS (KOHA) | |
| Source of classification or shelving scheme | Dewey Decimal Classification |
| Koha item type | Book |
| Withdrawn status | Lost status | Source of classification or shelving scheme | Damaged status | Not for loan | Home library | Current library | Date acquired | Full call number | Barcode | Date last seen | Price effective from | Koha item type |
|---|---|---|---|---|---|---|---|---|---|---|---|---|
| Dewey Decimal Classification | JHCSC - Pagadian Annex Campus Library | JHCSC - Pagadian Annex Campus Library | 07/29/2021 | 612 Se35 2019 | 2020-647p | 07/29/2021 | 07/29/2021 | Book | ||||
| Dewey Decimal Classification | JHCSC - Pagadian Annex Campus Library | JHCSC - Pagadian Annex Campus Library | 07/29/2021 | 612 Se35 2019 | 2020-646p | 07/29/2021 | 07/29/2021 | Book | ||||
| Dewey Decimal Classification | JHCSC - Pagadian Annex Campus Library | JHCSC - Pagadian Annex Campus Library | 07/29/2021 | 612 Se35 2019 | 2020-645p | 07/29/2021 | 07/29/2021 | Book |